| 000 | nam a22 7a 4500 | ||
|---|---|---|---|
| 999 |
_c150409 _d150407 |
||
| 005 | 20190909124033.0 | ||
| 008 | 190815b ag ||||| |||| 00| 0 spa d | ||
| 020 | _a9505691211 | ||
| 050 | 0 | 4 |
_aKHA4406 _bT38 1998 |
| 100 | 1 | _aTau Anzoátegui, Carlos A. | |
| 245 |
_aDerecho de la radiodifusión _b: interpretación jurídica y política _c/ Carlos A. Tau Anzoátegui. |
||
| 250 | _a1a ed. | ||
| 260 |
_aBuenos Aires, Argentina : _bÁbaco de Rodolfo Depalma, _c1998. |
||
| 300 |
_a452 p. ; _c23 cm. |
||
| 504 | _aBibliografía : p. 447-452. | ||
| 650 | 7 |
_2lemb _aRadio _xLeyes y legislacion _zArgentina |
|
| 942 |
_2lcc _cLIB |
||